Normal view MARC view
  • Transport, development and sustainability

Entry Uniform Title

Number of records used in: 3

001 - CONTROL NUMBER

  • control field: 908

003 - CONTROL NUMBER IDENTIFIER

  • control field: NUST

005 - DATE AND TIME OF LATEST TRANSACTION

  • control field: 20170516130809.0

008 - FIXED-LENGTH DATA ELEMENTS

  • fixed length control field: 170516|| aca||aabn | a|a d

040 ## - CATALOGING SOURCE

  • Original cataloging agency: NUST
  • Transcribing agency: NUST

130 ## - HEADING--UNIFORM TITLE

  • Uniform title: Transport, development and sustainability

670 ## - SOURCE DATA FOUND

  • Source citation: Work cat.: (NUST)0: Banister, David. 907, Unsustainable transport :, 2005.
© 2023 Central Library, National University of Sciences and Technology. All Rights Reserved.